00377nam a2200145 i 4500001000700000003000900007005001700016007000300033008004100036100002100077245005300098260003700151300002200188852002100210101221ES-MaACL20230906182841.0t|051014s1909 fr ||||1| fre d1 aMaxwell, Joseph.13aLe crime et la societé / cpar Joseph Maxwell. aParis : bE. Flammarion, c1909. a360 p. ; c19 cm. aES-MaACLjF-6137